| 000 | 00952nam a22002295i 4500 | ||
|---|---|---|---|
| 001 | 161546 | ||
| 003 | ES-MaACL | ||
| 005 | 20250815062646.0 | ||
| 008 | 940301q18901900sp |||| | spa d | ||
| 040 |
_aAS _bspa |
||
| 100 | 1 |
_aPattee, Frederick Lewis. _9130900 |
|
| 245 | 1 | 0 |
_aHistoria de la literatura de los Estados Unidos _b: con indicaciones sobre los principios fundamentales que presiden a su desarrollo / _cpor Fred Lewis Pattee ; traducción por José de Caso. |
| 260 |
_aMadrid : _bLa España Moderna, _c[s.a.] ( _fImp. de Gabriel L. Horno) |
||
| 300 |
_a445 p. ; _c23 cm. |
||
| 490 | 1 | _aBiblioteca de Jurisprudencia, Filosofía e Historia | |
| 596 | 1 | _aLa España Moderna ejerce como editorial ca. 1900. | |
| 700 | 1 | 1 |
_aCaso, José de, _etrad. _936323 |
| 752 |
_aEspaña - _d, Madrid |
||
| 830 | 0 | 0 |
_aBiblioteca de jurisprudencia, filosofía e historia _9180691 |
| 852 |
_aES-MaACL _jF-14846 _z-- Enc. hol. |
||
| 999 |
_c161546 _d161546 |
||